Wszystkie miasta Andory - Statystyki

Ogólne statystyki
  • Ten quiz został rozwiązany 25 razy
  • Średni wynik to 5 z 23
Odpowiedzi na mapie
Odpowiedzi zakodowano w zielono-czerwonej skali na mapie do tego quizu, zgodnie z poniższymi procentami.
 
Statystyki odpowiedzi
Miasto Ludność % Poprawnych
Andora 20 719
100%
Ordino 3 217
75%
Canillo 1 961
50%
Encamp 8 326
50%
Escaldes-Engordany 15 506
50%
La Massana 5 979
50%
El Serrat 312
25%
Santa Coloma 3 323
25%
Sant Julià de Lòria 7 962
25%
Aixirivall 1 041
0%
Anyós 1 006
0%
Arinsal 2 127
0%
El Pas de la Casa 2 156
0%
El Tarter 1 003
0%
Erts 574
0%
Incles 510
0%
La Cortinada 948
0%
L'Aldosa 811
0%
La Margineda 3 323
0%
Les Bons 1 156
0%
Sispony 833
0%
Soldeu 790
0%
Vila 1 188
0%
Nie znaleziono quizów pasujących do podanych kryteriów
Rozkład punktacji
Procent ludzi z każdym wynikiem
Percentyl według liczby udzielonych odpowiedzi
Twoja historia wyników
Nie rozwiązałeś tego quizu